01041nam a2200253Ia 450000500170000000800390001702000150005604100080007108200170007924501090009625000220020526400330022730000410026033600270030133700330032833800280036150001100038950000770049953400550057665000460063165000400067765000350071704000350075220220316235250.0121119s2000 ck a gr 100 0 spa a958934206X0 aspa04a927.41bC65s00aEscritores e ilustradores del libro infantil y juvenil de los países latinoamericanos miembros de IBBY aPrimera edición 1aBogotábFundalecturac2000 b332 páginasailustracionesc27 cm. atextobtxt2rdacontent asin mediaciónbn2rdamedia avolumenbnc2rdacarrier aEscritores e ilustradores latinoamericanos del libro infantil y juvenil 27 Congreso Ibby : se hace camino aEsta obra se público como actividad paralela del 27 congreso de IBBY bInternational board on books for young people ibby142LEMBaLiteratura infantil latinoamericana142LEMBaIlustradores latinoamericanos142LEMBaAutores latinoamericanos aCO-BoRNBPbspaerdacCO-BoRNBP